An Introduction to Reformed Dogmatics . (Record no. 4104)
[ view plain ]
| 000 -LEADER | |
|---|---|
| fixed length control field | 00668cam a2200253 4500 |
| 001 - CONTROL NUMBER | |
| control field | 0000004253 |
| 003 - CONTROL NUMBER IDENTIFIER | |
| control field | OSt |
| 005 - DATE AND TIME OF LATEST TRANSACTION | |
| control field | 20150812162744.0 |
| 008 - FIXED-LENGTH DATA ELEMENTS--GENERAL INFORMATION | |
| fixed length control field | 930826s1949 enk0000e000000001100eng0d |
| 035 ## - SYSTEM CONTROL NUMBER | |
| System control number | fgx00001242 |
| 040 ## - CATALOGING SOURCE | |
| Original cataloging agency | PUL |
| Transcribing agency | PUL |
| 050 ## - LIBRARY OF CONGRESS CALL NUMBER | |
| Classification number | BT75 |
| Item number | .L4 1949 |
| 100 10 - MAIN ENTRY--PERSONAL NAME | |
| Personal name | Lecerf, Auguste. |
| 245 13 - TITLE STATEMENT | |
| Title | An Introduction to Reformed Dogmatics . |
| Statement of responsibility, etc | Auguste Lecerf. |
| 260 ## - PUBLICATION, DISTRIBUTION, ETC. (IMPRINT) | |
| Place of publication, distribution, etc | London, ENK : |
| Name of publisher, distributor, etc | Lutterworth Press, |
| Date of publication, distribution, etc | c1949. |
| 300 ## - PHYSICAL DESCRIPTION | |
| Extent | 408p. ; |
| Dimensions | 22cm. |
| 505 8# - FORMATTED CONTENTS NOTE | |
| Formatted contents note | Includes an index of names. |
| 650 #0 - SUBJECT ADDED ENTRY--TOPICAL TERM | |
| Topical term or geographic name as entry element | Doctrinal theology. |
| 650 #0 - SUBJECT ADDED ENTRY--TOPICAL TERM | |
| Topical term or geographic name as entry element | Formal treatises. |
| 650 #0 - SUBJECT ADDED ENTRY--TOPICAL TERM | |
| Topical term or geographic name as entry element | 1801-1950. |
| 908 ## - PUT COMMAND PARAMETER (RLIN) | |
| Put command parameter | 050412 |
| 942 ## - ADDED ENTRY ELEMENTS (KOHA) | |
| Source of classification or shelving scheme | Library of Congress Classification |
| Koha item type | General circulation books |
| 949 ## - LOCAL PROCESSING INFORMATION (OCLC) | |
| a | fgba |
| b | 8417 |
| Withdrawn status | Lost status | Source of classification or shelving scheme | Damaged status | Not for loan | Home library | Current library | Date acquired | Source of acquisition | Total Checkouts | Full call number | Barcode | Date last seen | Price effective from | Koha item type | Date checked out |
|---|---|---|---|---|---|---|---|---|---|---|---|---|---|---|---|
| Library of Congress Classification | Presbyterian University of East Africa - Main Library | Presbyterian University of East Africa - Main Library | 26/12/2012 | Donation | BT75 .L4 1949 | 020010004374 | 27/10/2014 | 26/12/2012 | General circulation books | ||||||
| Library of Congress Classification | Presbyterian University of East Africa - Main Library | Presbyterian University of East Africa - Main Library | 26/12/2012 | Donation | 1 | BT75 .L4 1949 | 140020000366 | 27/10/2014 | 26/12/2012 | General circulation books | 23/10/2014 |
